| 000 | 01084cam a2200313Mi 4500 | ||
|---|---|---|---|
| 001 | 98547 | ||
| 005 | 20230411090057.0 | ||
| 008 | 060726s2006 sp 000 0 spa d | ||
| 035 | _a(OCoLC)ocm70768538 | ||
| 040 |
_aPL# _bspa _cPL# _dBNM |
||
| 020 | _a8497344693 | ||
| 020 | _a9788497344692 | ||
| 029 | 0 |
_aPL# _b060002116 |
|
| 035 | _a(OCoLC)70768538 | ||
| 049 | _aGRAL | ||
| 100 | 1 |
_aCamacho, Santiago. _c(Camacho Hidalgo) |
|
| 245 | 1 | 0 |
_aCalumnia, que algo queda : _bbulos, mentiras y fraudes detrás de las noticias / _cSantiago Camacho. |
| 250 | _a1. ed. | ||
| 260 |
_aMadrid : _bEsfera de los Libros, _c2006. |
||
| 300 |
_a244 p. ; _c24 cm. |
||
| 653 |
_aMedios de comunicación social _aObjetividad _aEspaña |
||
| 653 |
_aMedios de comunicación social _aAspectos políticos _aEspaña |
||
| 650 | 7 |
_aMedios de comunicación social _xObjetividad _zEspaña. _2embne |
|
| 650 | 7 |
_aMedios de comunicación social _xAspectos polâiticos _zEspaäna. _2embne |
|
| 938 |
_aPuvill Libros _bPUVL _n8497344693 _c$27.19 |
||
| 942 |
_2lcc _cbk |
||
| 994 |
_aC0 _bDRFGD |
||
| 946 | _almm | ||
| 999 |
_c112066 _d112066 |
||